| 000 | 01882nam a2200385 i 4500 | ||
|---|---|---|---|
| 999 |
_c65373 _d65373 |
||
| 001 | 768714001 | ||
| 003 | CO-MdFUSB | ||
| 005 | 20220720062537.0 | ||
| 008 | 200212t2013 enk |||| |||| 00| 0 eng d | ||
| 020 | _a9780520276703 | ||
| 040 |
_aCO-MdFUSB _bspa _cCO-MdFUSB _dCO-MdFUSBC _erda |
||
| 041 | _aeng | ||
| 082 |
_223 _a301.01 _bJ12 |
||
| 100 |
_aJackson, Michael. _eautor |
||
| 245 | 1 | 4 |
_aThe wherewithal of life : _bethics, migration, and the question of well - being _c/ Michael Jackson ; conversaciones con: Emmanuel Mulamila , Roberto M. Franco , Ibrahim Ouédraogo |
| 264 | 1 |
_aInglaterra : _bUniversity of California Press, _c[2013] |
|
| 264 | 4 | _c© 2013 | |
| 300 |
_a264 páginas _c; 23 cm |
||
| 336 |
_2rdacontent _atexto _btxt |
||
| 337 |
_2rdamedia _asin mediación _bn |
||
| 338 |
_2rdacarrier _avolumen _bnc |
||
| 505 | _aPreambulo. -- Emmanuel. -- Roberto. -- Ibrahim. -- Posdata. | ||
| 520 | _aA través de extensas conversaciones con tres informantes claves, de Uganda, Burkina Faso y México, en Copenhague, Amsterdam y Cambridge, MA, Jackson compara y contrasta lo que está en juego para cada persona que migra desde el sur global en busca de satisfacción y futuro. Estas historias de vida dramatizan, con detalles una serie de cuestiones éticas y existenciales desgarradoras, que serán familiares para todos, aunque no sea por otra razón que las vicisitudes del apego, la separación, la pérdida y la renovación, son aspectos inevitables de cada vida humana. | ||
| 563 | _aRústico | ||
| 650 | 0 |
_94 _aAntropología |
|
| 650 | 7 |
_aÉtica social. _2 _9186 |
|
| 650 | 7 |
_aFilosofía _2 _97168 |
|
| 653 | _aBienestar | ||
| 700 |
_92842 _aMulamila, Emmanuel. _ecolaborador |
||
| 700 |
_92843 _a Franco, Roberto M. _ecolaborador |
||
| 700 |
_92844 _a Ouédraogo, Ibrahim. _ecolaborador |
||
| 942 | _cBK | ||
| 945 | _aJTF-925 | ||